| 000 | 00908cam a2200277 4500 | ||
|---|---|---|---|
| 999 |
_c130147 _d130147 |
||
| 001 | 2658552 | ||
| 003 | ARRUPE | ||
| 005 | 20200121123617.0 | ||
| 008 | 700309s1969 enk b 001 0 eng | ||
| 010 | _a 71443327 | ||
| 015 | _aB69-25926 | ||
| 020 | _a0090979702 | ||
| 040 |
_aDLC _cDLC _dDLC |
||
| 050 | 0 | 0 |
_aPR3581 _b.L4 1969 |
| 100 | 1 |
_aLeishman, J. B. _q(James Blair), _d1902-1963. _916112 |
|
| 245 | 1 | 0 |
_aMilton's minor poems _c[by] J.B. Leishman; edited, with a preface, by Geoffrey Tillotson. |
| 260 |
_aLondon, _bHutchinson, _c1969. |
||
| 300 |
_a360 p. _c22 cm. |
||
| 350 | _a50/- | ||
| 504 | _aBibliographical footnotes. | ||
| 600 | 1 | 0 |
_aMilton, John, _d1608-1674 _xCriticism and interpretation. _948947 |
| 600 | 1 | 0 |
_aMilton, John, _d1608-1674 _xSources. _948948 |
| 700 | 1 |
_aTillotson, Geoffrey, _eed. _948949 |
|
| 906 |
_a7 _bcbc _corignew _du _encip _f19 _gy-gencatlg |
||
| 942 |
_2lcc _cMONOGRAPH |
||